| 000 | 00364nam a22001217a 4500 | ||
|---|---|---|---|
| 008 | 230629b xxu||||| |||| 00| 0 eng d | ||
| 020 | _a9966949917 | ||
| 082 |
_a338.9 _bWER 2003 |
||
| 245 | _aKenya's Reform Experience: What Have we Learnt? | ||
| 260 |
_aKenya _bKenya Institute for Public Policy Research and Analysis _c2003 |
||
| 300 | _aVIII,48p | ||
| 942 |
_2ddc _cBK |
||
| 999 |
_c3029 _d3029 |
||